Adivina el país - Ahorcado #3 - Estadísticas

Estadísticas generales
  • Esta prueba ha sido intentada 298 veces
  • La puntuación promedio es 4 de 7
Estadísticas de respuestas
HINT Respuesta % Correcto
#1 A
100%
#1 A
100%
#1 A
100%
#2 A
100%
#2 A
100%
#3 A
100%
#3 A
100%
#4 A
100%
#5 A
100%
#5 A
100%
#7 A
100%
#7 A
100%
#8 A
100%
#10 A
100%
#11 A
100%
#12 A
100%
#15 A
100%
#15 A
100%
#18 A
100%
#19 A
100%
#20 A
100%
#21 A
100%
#23 A
100%
#24 A
100%
#25 A
100%
#25 A
100%
#26 A
100%
#26 A
100%
#27 A
100%
#27 A
100%
#28 A
100%
#29 A
100%
#29 A
100%
#29 A
100%
#30 A
100%
#32 A
100%
#32 A
100%
#32 A
100%
#33 A
100%
#33 A
100%
#33 A
100%
#34 A
100%
#34 A
100%
#34 A
100%
#35 A
100%
#36 A
100%
#37 A
100%
#38 A
100%
#39 A
100%
#39 A
100%
#4 E
100%
#10 E
100%
#15 E
100%
#17 E
100%
#24 E
100%
#24 E
100%
#26 E
100%
#36 E
100%
#15 G
100%
#24 G
100%
#3 I
100%
#4 I
100%
#8 I
100%
#15 I
100%
#16 I
100%
#21 I
100%
#21 I
100%
#23 I
100%
#23 I
100%
#26 I
100%
#30 I
100%
#34 I
100%
#15 L
100%
#21 L
100%
#25 M
100%
#26 M
100%
#32 M
100%
#12 N
100%
#24 N
100%
#26 N
100%
#31 N
100%
#18 O
100%
#18 O
100%
#3 R
100%
#8 R
100%
#15 R
100%
#26 R
100%
#24 S
100%
#32 S
100%
#8 U
100%
#17 A
80%
#28 E
80%
#28 I
80%
#9 A
75%
#9 A
75%
#32 B
75%
#32 H
75%
#9 I
75%
#9 R
75%
#13 A
67%
#13 A
67%
#31 A
67%
#31 E
67%
#23 G
67%
#12 I
67%
#13 I
67%
#29 I
67%
#31 I
67%
#31 M
67%
#23 N
67%
#12 O
67%
#12 O
67%
#33 R
67%
#3 S
67%
#37 S
67%
#3 T
67%
#31 T
67%
#3 U
67%
#19 E
60%
#19 E
60%
#28 R
60%
#1 B
50%
#35 B
50%
#9 D
50%
#8 G
50%
#8 H
50%
#1 I
50%
#25 I
50%
#35 I
50%
#35 I
50%
#1 L
50%
#9 L
50%
#24 L
50%
#25 L
50%
#35 L
50%
#1 N
50%
#8 N
50%
#9 N
50%
#11 O
50%
#25 O
50%
#35 O
50%
#36 O
50%
#7 R
50%
#36 R
50%
#25 S
50%
#35 V
50%
#28 G
40%
#28 G
40%
#19 I
40%
#17 N
40%
#28 O
40%
#19 R
40%
#19 R
40%
#19 T
40%
#4 B
33%
#4 C
33%
#33 D
33%
#23 E
33%
#4 G
33%
#33 G
33%
#20 I
33%
#20 I
33%
#37 I
33%
#4 L
33%
#12 L
33%
#29 L
33%
#13 M
33%
#29 M
33%
#37 M
33%
#13 N
33%
#33 N
33%
#37 N
33%
#20 O
33%
#12 P
33%
#20 P
33%
#13 R
33%
#23 R
33%
#29 S
33%
#13 U
33%
#30 U
33%
#30 U
33%
#31 V
33%
#5 C
25%
#5 C
25%
#11 E
25%
#5 I
25%
#5 O
25%
#5 R
25%
#11 R
25%
#17 R
20%
#6 A
0%
#14 A
0%
#14 A
0%
#22 A
0%
#22 A
0%
#16 B
0%
#21 B
0%
#22 B
0%
#27 B
0%
#7 C
0%
#14 C
0%
#17 C
0%
#18 C
0%
#27 C
0%
#34 C
0%
#36 C
0%
#2 D
0%
#16 D
0%
#36 D
0%
#6 E
0%
#20 E
0%
#21 E
0%
#7 F
0%
#11 G
0%
#38 G
0%
#6 I
0%
#7 I
0%
#10 I
0%
#14 I
0%
#22 I
0%
#22 I
0%
#34 J
0%
#10 L
0%
#17 M
0%
#18 M
0%
#22 M
0%
#27 M
0%
#34 M
0%
#2 N
0%
#6 N
0%
#7 N
0%
#10 N
0%
#11 N
0%
#14 N
0%
#16 N
0%
#22 N
0%
#39 N
0%
#2 O
0%
#6 O
0%
#10 O
0%
#27 O
0%
#30 Q
0%
#2 R
0%
#2 R
0%
#14 R
0%
#16 R
0%
#18 R
0%
#21 R
0%
#30 R
0%
#37 R
0%
#38 R
0%
#6 S
0%
#18 S
0%
#6 T
0%
#10 T
0%
#20 T
0%
#30 T
0%
#39 T
0%
#11 U
0%
#14 U
0%
#16 U
0%
#16 U
0%
#17 U
0%
#36 U
0%
#37 U
0%
#38 U
0%
#38 U
0%
#38 U
0%
#39 U
0%
#39 U
0%
#39 V
0%
#27 Y
0%
#38 Y
0%
No se encontraron pruebas coincidentes
Distribución de puntuación
Porcentaje de gente con cada puntuación
Porcentaje por número respondido
Historial de tus puntuaciones
No has intentado esta prueba.